000 00790cab a2200229 4500
001 WB3039-54
008 090401t1994 xxu||||| |||| 00| 0 eng d
035 _a(Sirsi) u71346
041 _aeng
245 _aCoal mining search
260 _c1994
350 _a0
490 _aOyez Forms Information Service
_v(OFIS 10/1994) October 1994, (2)
520 _aThe Coal Authority and the Law Society have amended Con 29M for coal mining searches, after commencement of the Coal Industry Act 1994. Consequent changes have been made to the Coal Mining Directory and Guidance Notes.
650 _aCOAL INDUSTRY ACT 1994
650 _aCOAL MINING
650 _aCONVEYANCING
690 _aMINING AND MINERALS
690 _aPROPERTY LAW AND PRACTICE
942 _n0
948 _c04/03/1997
999 _c44963
_d44963